000 nam a22 7a 4500
999 _c10353
_d10353
008 180215b ||||| |||| 00| 0 eng d
100 _aWilson, R
_96313
245 _aEnglish Course with activities - III
260 _aNew Delhi
_bS, Chand Publication
_c2012